000 00405nam a2200157 4500
020 _a9789364875943
082 _aM300 7
_bVIJ/P
100 _aVijayakumar V
245 _aPuthiya novelinte sancharadishakal/
_cby Vijayakumar V
260 _aKottayam:
_bD C Books,
_c2025.
300 _a198p.
650 _aNovel Malayalam Study
650 _aLiterature Malayalam
650 _aLiterature
942 _cBK
999 _c181554
_d181554